000 00512cam a2200205 a 4500
001 3751557
005 20180123072106.0
008 821213r1983 ctua j d 001 0 eng
010 _a 82019610
040 _aDLC
_cDLC
_dDLC
041 _aeng
080 _a603.21 STU
082 0 0 _a603.21 STU
_219
100 _a23
101 _aENC
245 1 4 _aThe illustrated science and invention encyclopedia.
740 0 _aHow it works.
906 _a7
_bcbc
_corignew
_d1
_eocip
_f19
_gy-gencatlg
942 _2ddc
_cBK
999 _c40779
_d40779